000
00263nam a22001217a 4500
003
OSt
008
221031b |||||||| |||| 00| 0 eng d
041
_a
eng
082
_a
028.7021 MAL/AD
100
_a
Malhotra, A.M
_9
5280
245
_a
Advanced essays
942
_c
BK
999
_c
17564
_d
17564